| 000 | 02157 a2200229 4500 | ||
|---|---|---|---|
| 001 | 57122 | ||
| 005 | 20260407155833.0 | ||
| 008 | 260407a1994 arg spa d | ||
| 003 | AR-UNSa-BCEJYS | ||
| 040 |
_aAR-UNSa-BCEJYS _bspa _cAR-UNSa-BCEJYS |
||
| 080 |
_a339.72.053.1 _xDeuda exterior. Déficit de la balanza de pagos |
||
| 245 | 1 | 0 |
_aDeuda externa _panálisis jurídico, los préstamos sindicados |
| 020 | _a950-14-0748-9 | ||
| 264 | 1 |
_aBuenos Aires : _bEdiciones Depalma _c1994 |
|
| 300 |
_a183 p. _c23 cm. |
||
| 505 | _aPrimera parte. La problemática de la deuda externa y de los préstamos sindicados: 1. Mercado internacional de capitales – 2. Origen de los préstamos sindicados – 3. Crisis de la deuda externa – 4. Reacomodamiento del mercado internacional de capitales ante la crisis de la deuda externa – 5. Planes de refinanciación – 6. El Uruguay y la crisis de la deuda – Segunda Parte. Delimitación del análisis jurídico de la deuda externa por préstamos sindicados a un estado soberano. Cuestiones previas: 7. Definiciones – 8. Conceptualización del sustrato factico y la realidad jurídica de los préstamos sindicados – Tercera Parte. Hacia una teoría general del derecho aplicable a la contratación internacional. Referencia a los préstamos sindicados: 9. Estudios de los diversos ordenes jurídicos – 10. La autonomía de la voluntad y el derecho aplicable a los préstamos sindicados – 11. Conclusión sobre el derecho aplicable a la realización jurídica de los préstamos sindicados – Cuarta Parte. Los sujetos intervinientes en el préstamo sindicado: 12. El sindicato de bancos – 13. El estado como parte contractual – Quinta Parte. El perfeccionamiento del contrato: 14. Formación de la voluntad de estado para obligarse en contratos que se rigen por el derecho privado – 15. Particular referencia al derecho Uruguayo – 16.Conclusion del contrato. | ||
| 041 | _aspa | ||
| 942 | _cBK | ||
| 590 | _aniveau_biblio:m niveau_hierar:0 | ||
| 100 | 1 | _aLópez Goldaracena, Oscar A. | |
| 856 | 4 | 1 |
_uhttps://www.biblioeco.unsa.edu.ar/pmb/images/libros/L128699.jpg _yImagen de portada _qimage/jpeg |
| 999 |
_c6122 _d6122 |
||